Gares des Pyrénées Atlantiques - Statistiques

Statistiques générales
  • Ce quiz a été pris 120 fois
  • Le résultat moyen est 13 sur 31
Statistiques - réponses
Nombre de voyageurs Gares % Correct
1 475 383 Bayonne
99%
1 275 571 Pau
99%
829 355 Biarritz
94%
276 940 Orthez
92%
490 981 Hendaye
89%
542 621 Saint Jean de Luz - Ciboure
89%
74 817 Saint Jean Pied de Port
77%
121 893 Oloron Sainte Marie
75%
82 495 Artix
44%
7 282 Gan
44%
47 682 Guéthary
43%
14 525 Boucau
40%
75 278 Coarraze - Nay
40%
73 033 Puyoô
39%
22 697 Bedous
38%
7 526 Ustaritz
30%
6 647 Bidos
27%
17 865 Cambo les Bains
27%
7 289 Urt
25%
12 937 Ogeu les Bains
23%
51 946 Les Deux jumeaux
20%
1 236 Sarrance
19%
14 379 Buzy en Béarn
15%
7 338 Croix du Prince
14%
8 372 Ossès - Saint Martin d'Arossa
14%
1 828 Lurbe Saint Christau
13%
1 503 Assat
11%
8 190 Halsou - Larressore
8%
1 862 Villefranque
8%
338 Montaut Bétharram
7%
3 346 Bidarray Pont Noblia
6%
Aucun quiz correspondant
Distribution des résultats
% des personnes avec chaque résultat
Percentile par nombre de réponses
Votre historique - résultats
Vous n’avez pas pris ce quiz